| 000 | 00340nam a22001217a 4500 | ||
|---|---|---|---|
| 008 | 230629b xxu||||| |||| 00| 0 eng d | ||
| 020 | _a9987666256 | ||
| 082 |
_a346.06 _bEAC 2003 |
||
| 245 |
_aThird Meeting of the Council of Ministers _bReport of the Council |
||
| 260 |
_aArusha _bEAC Secretariat _c2003 |
||
| 300 | _aII.64p | ||
| 942 |
_2ddc _cBK |
||
| 999 |
_c3037 _d3037 |
||